00673nam a2200253Ia 4500008004100000020001800041050001400059100001700073245002100090245003300111245005100144260002500195260001600220260000900236300001400245300002800259300001000287500000900297650004300306650002000349650001900369700002000388700001100408190123s9999 xx 000 0 und d a9780545496575 bD284 2007 aDeans, Karen 0aPlaying to win : 4bthe story of Althea Gibson / 0cby Karen Deans ; illustrated by Elbrite Brown. aNew York, New York : bScholastic, c2007 aunpaged : bcolored illustrations ; c23cm. a890L aAfrican American women tennis players. aTennis players. aUnited States. aBrown, Elbrite. aTitle.